Guess the Taylor Swift Song (Fearless TV) 21 - Statistics

General Stats
  • This quiz has been taken 10 times
  • The average score is 366 of 444
Answer Stats
Answer % Correct
a
100%
at
100%
be
100%
by
100%
I
100%
I'm
100%
in
100%
me
100%
the
100%
we
100%
what
100%
When
100%
when
100%
you
100%
You
100%
you"
100%
all
86%
and
86%
And
86%
baby
86%
Baby,
86%
back
86%
back,
86%
been
86%
But
86%
came
86%
Cause
86%
Come
86%
come
86%
could,
86%
could
86%
ever
86%
Ever
86%
for
86%
here
86%
how
86%
if
86%
If
86%
it
86%
it's
86%
just
86%
know
86%
like
86%
my
86%
now
86%
Now
86%
now?
86%
now,
86%
of
86%
on
86%
out
86%
said
86%
say
86%
Stand
86%
take
86%
that
86%
then
86%
there
86%
this
86%
time
86%
to
86%
too
86%
want
86%
was
86%
were
86%
would,
86%
would
86%
you'd
86%
You'd
86%
your
86%
you're
86%
you've
86%
before
71%
Before
71%
change
71%
change,
71%
down
71%
everything
71%
fight,
71%
going
71%
gone
71%
gonna
71%
had
71%
heard
71%
heart
71%
Is
71%
I've
71%
knew
71%
Last
71%
lose
71%
movie
71%
movie,
71%
night
71%
not
71%
Not
71%
nothing
71%
Oh
71%
oh,
71%
oh
71%
own
71%
rain
71%
somehow
71%
sorry
71%
still
71%
them
71%
things
71%
though
71%
thought
71%
Thought
71%
til
71%
up
71%
we've
71%
work
71%
about
57%
beating
57%
door
57%
easy
57%
Even
57%
Flashback
57%
footsteps
57%
friends
57%
front
57%
happen
57%
happened
57%
laughin'
57%
locked
57%
Maybe
57%
moving
57%
much
57%
"Nothing's
57%
our
57%
outside
57%
pacing
57%
people
57%
remember
57%
see
57%
since
57%
somewhere
57%
Sounded
57%
stairs
57%
stood
57%
street
57%
these
57%
through
57%
waiting
57%
wanna
57%
way
57%
whoa
57%
arms
43%
bout
43%
chasing
43%
ending
43%
ending?
43%
hall,
43%
kind
43%
lately
43%
memories,
43%
months
43%
playing
43%
reaching
43%
Six
43%
Thinking
43%
thousand
43%
Wrapped
43%
No matching quizzes found
Score Distribution
Percent of People with Each Score
Percentile by Number Answered
Your Score History
You have not taken this quiz